America's Champion Swimmer: (Record no. 2067)

MARC details
000 -LEADER
fixed length control field 00811nam a22002537a 4500
005 - DATE AND TIME OF LATEST TRANSACTION
control field 20231103101226.0
020 ## - INTERNATIONAL STANDARD BOOK NUMBER
International Standard Book Number 9780152052515
040 ## - CATALOGING SOURCE
Original cataloging agency FISKH
Language of cataloging eng
Transcribing agency FISKH
Modifying agency FISKH
050 ## - LIBRARY OF CONGRESS CALL NUMBER
Classification number GV838.E34
082 ## - DEWEY DECIMAL CLASSIFICATION NUMBER
Classification number 797.2
100 ## - MAIN ENTRY--PERSONAL NAME
Personal name Adler, David A.
245 ## - TITLE STATEMENT
Title America's Champion Swimmer:
Remainder of title Gertrude Ederle /
Statement of responsibility, etc. WRITTEN BY David A. Adler ILLUSTRATED BY Terry Widener
260 ## - PUBLICATION, DISTRIBUTION, ETC.
Place of publication, distribution, etc. New York :
Name of publisher, distributor, etc. Harcourt,
Date of publication, distribution, etc. 2000
300 ## - PHYSICAL DESCRIPTION
Extent 32 pages :
Dimensions 28 cm
505 ## - FORMATTED CONTENTS NOTE
Formatted contents note M
520 ## - SUMMARY, ETC.
Summary, etc. Describes the life and accomplishments of Gertrude Ederle, the first woman to swim the English Channel and a figure in the early women's rights movement.
521 ## - TARGET AUDIENCE NOTE
Target audience note 800
Source Lexile
521 ## - TARGET AUDIENCE NOTE
Target audience note M
Source Raz-Plus
650 ## - SUBJECT ADDED ENTRY--TOPICAL TERM
Topical term or geographic name entry element Biography
650 ## - SUBJECT ADDED ENTRY--TOPICAL TERM
Topical term or geographic name entry element Sports
700 ## - ADDED ENTRY--PERSONAL NAME
Personal name Widener, Terry
Relator term Illustrator
942 ## - ADDED ENTRY ELEMENTS (KOHA)
Source of classification or shelving scheme Dewey Decimal Classification
Koha item type Books
Suppress in OPAC No
999 ## -
-- 2067
-- 2067
Holdings
Withdrawn status Lost status Source of classification or shelving scheme Damaged status Not for loan Collection Home library Current library Shelving location Date acquired Total Checkouts Full call number Barcode Date last seen Price effective from Koha item type
    Dewey Decimal Classification     Non-Fiction Footprints International School Library Network Toul Kork Campus Footprints International School Library Network Toul Kork Campus A TK Campus, 4th Floor, Room B401, Non-Fiction Bookcases(7-8) 11/03/2023   ADL 797.2 GV838.E34 FISTK02290 11/03/2023 11/03/2023 Books